Αλυσίδα των Κλικ - Statistics

General Stats
  • This quiz has been taken 117 times
  • The average score is 18 of 30
Answer Stats
Hint Answer % Correct
της οποίας η κυβέρνηση μετά τον 1ο ΠΠ υιοθέτησε τον... Κομμουνισμό
96%
που είναι βασισμένος στη φιλοσοφία του... Καρλ Μαρξ
94%
που φιλοξένησε τους Ολυμπιακούς Αγώνες το... 1936
89%
που συνορεύει με την... Ρωσία
79%
Η δεύτερη χώρα με τον μεγαλύτερο πληθυσμό είναι η... Κίνα
77%
τότε γεννήθηκε και ο... Πάπας Φραγκίσκος
72%
όπου το δεύτερο γράμμα σημαίνει... Δημοκρατία
72%
που κέρδισε τη σύγχρονη ανεξαρτησία ενάντια στην... Οθωμανική Αυτοκρατορία
72%
που γεννήθηκε στη... Γερμανία
68%
που αποίκησε το... Λ.Δ. Κονγκό
68%
που ήταν ένα σύστημα που δημιουργήθηκε στην αρχαία... Αθήνα
68%
που έχασε πόλεμο το 1776 ενάντια στις... Ηνωμένες Πολιτείες
66%
όπου μιλούν... Ισπανικά
64%
που κατάγεται από την... Αργεντινή
62%
η οποία ήταν σχεδίασμανη από τον... Τσώρτσιλ
62%
που έγινε και πρωθυπουργός στη... Μεγάλη Βρετανία
62%
τα οποία είναι μια από τις 3 επίσημες γλώσσες στο... Βέλγιο
58%
που συμπεριλαμβάνονται στις ____ γλώσσες... Ρομανικές
55%
που είναι πρωτεύουσα στην... Ιταλία
53%
των οποίων ο πρώτος αρχηγός ήταν ο... Ουάσινγκτον
51%
που είναι και μια αρχαία πόλη όπου μπορούσε κανείς να προσκυνήσει τον... Δία
51%
που συμπεριλαμβάνονται στις ____ γλώσσες... Ουραλικές
51%
στις οποίες συμπεριλαμβάνονται και τα... Γαλλικά
49%
που λεγόταν και... Τζούπιτερ
49%
που συνορεύει με... Σλοβενία
49%
στις οποίες συμπεριλαμβάνονται και τα... Φινλανδικά
47%
που απέκρουσε μια εκστρατεία του Α' Παγκοσμίου Πολέμου στην... Καλλίπολη
45%
που συνορεύει με μια χώρα όπου μιλούν... Ουγγρικά
45%
το οποίο όνομα χρησιμοποιούνταν και στην αρχαία... Ρώμη
32%
που είναι και πολιτεία με πρωτεύουσα την... Ολυμπία
26%
No matching quizzes found
Score Distribution
Percent of People with Each Score
Percentile by Number Answered
Your Score History
You have not taken this quiz